| 000 | 00791cab a2200229 4500 | ||
|---|---|---|---|
| 001 | WB3239-47 | ||
| 008 | 090401t1996 xxu||||| |||| 00| 0 eng d | ||
| 035 | _a(Sirsi) u27571 | ||
| 041 | _aeng | ||
| 245 | _aChanges to environment assessment rules | ||
| 260 | _c1996 | ||
| 350 | _a0 | ||
| 490 |
_aENDS Report _v(260) September 1996, 34(1) |
||
| 520 | _aA new EC Directive is close to agreement that will include wider use of quantitative thresholds by planning authorities to decide whether `Annexe II` projects should be subject to environmental assessment. | ||
| 650 | _aANNEXE II | ||
| 650 | _aEC LEGISLATION | ||
| 650 | _aENVIRONMENTAL ASSESSMENT | ||
| 690 | _aENVIRONMENTAL AND LAND CONSULTANCY | ||
| 690 | _aPLANNING LAW AND PRACTICE | ||
| 942 | _n0 | ||
| 948 | _c04/03/1997 | ||
| 999 |
_c18563 _d18563 |
||